Estructura y tiempo reducido en la novela / (Record no. 11025)
[ view plain ]
| 000 -LEADER | |
|---|---|
| campo de control de longitud fija | 00824nam a22002655i 4500 |
| 001 - NÚMERO DE CONTROL | |
| campo de control | 11025 |
| 003 - IDENTIFICADOR DE NÚMERO DE CONTROL | |
| campo de control | ES-MaACL |
| 005 - FECHA Y HORA DE LA ÚLTIMA TRANSACCIÓN | |
| campo de control | 20250719173736.0 |
| 007 - CAMPO FIJO DE DESCRIPCIÓN FÍSICA--INFORMACIÓN GENERAL | |
| campo de control de longitud fija | t| |
| 008 - DATOS DE LONGITUD FIJA--INFORMACIÓN GENERAL | |
| campo de control de longitud fija | 950221s1994 sp ||||0| spa j |
| 020 ## - NÚMERO INTERNACIONAL ESTÁNDAR DEL LIBRO | |
| Número Internacional Estándar del Libro | 84-7658-437-7 |
| 040 ## - FUENTE DE CATALOGACIÓN | |
| Centro catalogador/agencia de origen | M-BN |
| Lengua de catalogación | spa |
| Centro/agencia transcriptor | M-BN |
| 080 ## - NÚMERO DE LA CLASIFICACIÓN DECIMAL UNIVERSAL | |
| Número de la Clasificación Decimal Universal | 82-3.09 |
| 100 1# - ENTRADA PRINCIPAL--NOMBRE DE PERSONA | |
| Nombre de persona | Villanueva, Darío, |
| Fechas asociadas al nombre | 1950- |
| 9 (RLIN) | 241353 |
| 245 10 - MENCIÓN DEL TÍTULO | |
| Título | Estructura y tiempo reducido en la novela / |
| Mención de responsabilidad, etc. | Darío Villanueva. |
| 250 ## - MENCION DE EDICION | |
| Mención de edición | 1ª ed. |
| 260 ## - PUBLICACIÓN, DISTRIBUCIÓN, ETC. | |
| Lugar de publicación, distribución, etc. | Barcelona : |
| Nombre del editor, distribuidor, etc. | Anthropos, |
| Fecha de publicación, distribución, etc. | 1994. |
| 300 ## - DESCRIPCIÓN FÍSICA | |
| Extensión | 447 p ; |
| Dimensiones | 20 cm. |
| 490 1# - MENCIÓN DE SERIE | |
| Mención de serie | Autores, textos y temas. Literatura ; |
| Designación de volumen o secuencia | 20 |
| 504 ## - NOTA DE BIBLIOGRAFÍA, ETC. | |
| Nota de bibliografía, etc. | Bibliografía: p. 437-447. |
| 650 14 - PUNTO DE ACCESO ADICIONAL DE MATERIA--TÉRMINO DE MATERIA | |
| Término de materia o nombre geográfico como elemento de entrada | Novela- |
| Subdivisión general | Historia y crítica. |
| 9 (RLIN) | 15603 |
| 830 0# - PUNTO DE ACCESO ADICIONAL DE SERIE-TÍTULO UNIFORME | |
| Título uniforme | Autores, textos y temas. Literatura ; |
| Designación de volumen o secuencia | 20 |
| 9 (RLIN) | 177410 |
| 852 ## - LOCALIZACIÓN | |
| Ubicación | ES-MaACL |
| Número de control de estantería | L-18328 |
| Sublocalización o colección | R.123006 |
| Estatus retirado | Estado de pérdida | Estado de daño | No para préstamo | Biblioteca de origen | Biblioteca actual | Ubicación en estantería | Fecha de adquisición | Fuente de adquisición | Total de préstamos | Signatura topográfica completa | Código de barras | Visto por última vez | Precio de reemplazo | Tipo de ítem Koha |
|---|---|---|---|---|---|---|---|---|---|---|---|---|---|---|
| Biblioteca del Ateneo de Madrid | Biblioteca del Ateneo de Madrid | Depósito 2 | 17/01/2008 | L-18328 | 1011243 | 23/02/2023 | 23/02/2023 | Libro impreso |
